Hairspray! - Statistics

General Stats
  • This quiz has been taken 333 times
  • The average score is 9 of 13
Answer Stats
Last Name First Name % Correct
Turnblad Tracy
99%
Pingleton Penny
92%
Larkin Link
89%
Von Tussle Amber
84%
Collins Corny
83%
Turnblad Edna
81%
Stubbs Seaweed
73%
Pinky Mr
63%
Von Tussle Velma
61%
Inez Little
58%
Turnlad Wilbur
58%
Maybelle Motormouth
53%
Pingleton Prudy
32%
No matching quizzes found
Score Distribution
Percent of People with Each Score
Percentile by Number Answered
Your Score History
You have not taken this quiz